Immunostimulants : now and tomorrow
Đã lưu trong:
| Hovedforfatter: | |
|---|---|
| Format: | Bog |
| Sprog: | Undetermined |
| Udgivet: |
Tokyo
Japan Scientific Societies Press
1987
|
| Fag: | |
| Tags: |
Tilføj Tag
Ingen Tags, Vær først til at tagge denne postø!
|
| Thư viện lưu trữ: | Trung tâm Học liệu Trường Đại học Cần Thơ |
|---|
| LEADER | 00517nam a2200193Ia 4500 | ||
|---|---|---|---|
| 001 | CTU_127334 | ||
| 008 | 210402s9999 xx 000 0 und d | ||
| 082 | |a 616.079 | ||
| 082 | |b A997 | ||
| 100 | |a Azuma, Ichiro | ||
| 245 | 0 | |a Immunostimulants : | |
| 245 | 0 | |b now and tomorrow | |
| 245 | 0 | |c Ichiro Azuma, Georges Jolles | |
| 260 | |a Tokyo | ||
| 260 | |b Japan Scientific Societies Press | ||
| 260 | |c 1987 | ||
| 650 | |a immunology | ||
| 904 | |i Nguyên | ||
| 980 | |a Trung tâm Học liệu Trường Đại học Cần Thơ | ||